| 000 | 00478nam a22001457a 4500 | ||
|---|---|---|---|
| 999 |
_c9354 _d9354 |
||
| 008 | 151026b xxu||||| |||| 00| 0 eng d | ||
| 020 | _a9966467521 | ||
| 050 | _aAFR PL 8704 .A4M6 2003 | ||
| 100 | _aMohamed, Said Ahmed. | ||
| 245 |
_aAmezidi/ _cSaid Ahmed Mohamed |
||
| 260 |
_aNairobi: _bEast African Educational Publishers, _c2003. |
||
| 300 |
_a87p. _c17cm. |
||
| 650 | _aTamthilia | ||
| 942 |
_2lcc _cSH_L_BOOKS _hAFR PL 8704 .A4M6 2003 _0130 |
||